000 00331nam a2200121Ia 4500
005 20260326100039.0
008 260326s9999||||xx |||||||||||||| ||und||
100 _aCandela, Félix
245 0 _aHacia una Nueva Filosofía de las Estructuras /
_cFélix Candela
260 _bEdiciones 3
650 _aARQUITECTURA-GENERAL
942 _cBK
999 _c6954
_d6954